000 00495nam a22001812 4500
001 0000000470
005 20151217155801.0
008 070205s xx 000 0 eng d
040 _aKABU
_cKABU
050 0 _aDT449
_b.K37K382
100 1 _aKatoke, Israel K.
_@0000148646
245 1 4 _aThe Karagwe kingdom /
_cIsrael K. Katoke.
260 _aNairobi :
_bEAEP,
_c1975.
300 _axx, 182 p.
908 _a070205
950 _@1
999 _c12335
_d12335